[Event "XI GRAN TORNEO INTERNACIONAL AFICIONADOS"]
[Site "Benidorm (Alicante - SPAIN)"]
[Date "2012.11.30"]
[Round "1"]
[White "Moreno Giron, Victor M"]
[Black "Alvarez Escudero, Manuel"]
[Result "0-1"]
[WhiteElo "1999"]
[BlackElo "1803"]
[PlyCount "96"]
[EventDate "2012.11.30"]
[EventRounds "10"]
[EventCountry "ESP"]

1. e4 e5 2. Nf3 Nc6 3. Bb5 d6 4. d4 exd4 5. Nxd4 Bd7 6. Bxc6 bxc6 7. Nc3 c5 8.
Nf3 Nf6 9. O-O Bc6 10. Qe2 Be7 11. b3 O-O 12. Bb2 Re8 13. Rfe1 Nd7 14. Rad1 Bf6
15. Qd3 Ne5 16. Nxe5 Bxe5 17. Re3 Bd4 18. Re2 Re6 19. Rde1 Qh4 20. g3 Qh3 21.
Qf3 Rae8 22. Nd1 f5 23. Qg2 Qxg2+ 24. Kxg2 Bxe4+ 25. f3 Bd5 26. Rxe6 Rxe6 27.
Rxe6 Bxe6 28. Bxd4 cxd4 29. f4 Bd5+ 30. Kf2 Be4 31. c3 Bc2 32. Ke1 Bxd1 33.
Kxd1 dxc3 34. Kc2 Kf7 35. Kxc3 Ke6 36. Kc4 c6 37. b4 Kd7 38. a4 a6 39. a5 h5
40. Kd4 Ke6 41. Kc4 Kf6 42. h4 Ke6 43. Kd4 d5 44. Kc5 Kd7 45. Kb6 d4 46. Kxa6
Kc7 47. b5 d3 48. Ka7 cxb5 0-1

[Event "XI GRAN TORNEO INTERNACIONAL AFICIONADOS"]
[Site "Benidorm (Alicante - SPAIN)"]
[Date "2012.11.30"]
[Round "1"]
[White "De Luna Butz, Alberto"]
[Black "Zamora Soler, Raul"]
[Result "1/2-1/2"]
[WhiteElo "1802"]
[BlackElo "1998"]
[PlyCount "92"]
[EventDate "2012.11.30"]
[EventRounds "10"]
[EventCountry "ESP"]

1. d4 d5 2. Bf4 Nf6 3. e3 e6 4. Bd3 c5 5. c3 Nc6 6. Nd2 Bd7 7. h3 cxd4 8. exd4
a6 9. a4 Rc8 10. Ngf3 Be7 11. O-O O-O 12. Ne5 Be8 13. Re1 Nxe5 14. Bxe5 Bd7 15.
a5 Ne8 16. Nf3 f6 17. Bh2 Bd6 18. Qb1 Bxh2+ 19. Nxh2 g6 20. Ng4 Kg7 21. Qc1 g5
22. Qc2 h5 23. Nh2 Nd6 24. Qe2 Kh6 25. Qe3 Nc4 26. Bxc4 dxc4 27. h4 f5 28.
Qxg5+ Qxg5 29. hxg5+ Kxg5 30. Nf3+ Kf6 31. Ne5 Bb5 32. Re3 Rg8 33. Rh3 Rh8 34.
f4 Bc6 35. Nxc4 Bxg2 36. Kxg2 Rxc4 37. Rg3 Rc7 38. Kh3 Rc6 39. Rag1 b6 40. axb6
Rxb6 41. b4 Rh7 42. Rg6+ Kf7 43. Kh4 Rc6 44. R1g3 Rxc3 45. Rxc3 Kxg6 46. Rc6
Rh8 1/2-1/2

[Event "XI GRAN TORNEO INTERNACIONAL AFICIONADOS"]
[Site "Benidorm (Alicante - SPAIN)"]
[Date "2012.11.30"]
[Round "1"]
[White "Abul, Qasem"]
[Black "Platero Manteca, Javier"]
[Result "0-1"]
[WhiteElo "1998"]
[BlackElo "1797"]
[PlyCount "113"]
[EventDate "2012.11.30"]
[EventRounds "10"]
[EventCountry "ESP"]

1. e4 c5 2. Nf3 d6 3. d4 cxd4 4. Nxd4 Nf6 5. Nc3 g6 6. Be3 Bg7 7. Qd2 Nc6 8. f3
O-O 9. Bc4 Nd7 10. O-O-O Nb6 11. Bb3 Na5 12. Bh6 Nbc4 13. Qg5 e5 14. Nd5 Qxg5+
15. Bxg5 exd4 16. Be7 Nxb3+ 17. axb3 Ne3 18. Bxf8 Kxf8 19. Nxe3 dxe3 20. Rxd6
Be6 21. Kd1 Rc8 22. Rd3 Bh6 23. Kc1 f5 24. Re1 Ke7 25. Re2 fxe4 26. fxe4 Bg4
27. Re1 Rf8 28. Rdxe3 Bxe3+ 29. Rxe3 Rf1+ 30. Kd2 Rf2+ 31. Kd3 Rxg2 32. h3 Bd1
33. Kd4 Rxc2 34. Ke5 Rc6 35. b4 a6 36. Kf4 h6 37. h4 Ba4 38. Ke5 Re6+ 39. Kd4
Bc6 40. e5 g5 41. b5 axb5 42. Rg3 Rg6 43. Rg1 g4 44. Ke3 g3 45. Re1 g2 46. Kf2
g1=Q+ 47. Rxg1 Rxg1 48. Kxg1 Ke6 49. Kf2 Kxe5 50. Ke3 Kf5 51. Kf2 Kg4 52. h5
Kxh5 53. Kg3 Kg5 54. b4 h5 55. Kh3 h4 56. Kh2 Kg4 57. Kg1 0-1

[Event "XI GRAN TORNEO INTERNACIONAL AFICIONADOS"]
[Site "Benidorm (Alicante - SPAIN)"]
[Date "2012.11.30"]
[Round "1"]
[White "Garcia Yera, Santiago"]
[Black "Adeyemi, Adedeji"]
[Result "0-1"]
[WhiteElo "1797"]
[BlackElo "1997"]
[PlyCount "110"]
[EventDate "2012.11.30"]
[EventRounds "10"]
[EventCountry "ESP"]

1. c4 c5 2. g3 g6 3. Bg2 Nf6 4. Nf3 Bg7 5. Nc3 Nc6 6. O-O d6 7. d3 O-O 8. Bg5
h6 9. Bxf6 Bxf6 10. Qd2 Bg7 11. Rab1 Rb8 12. a3 a5 13. Na2 b5 14. cxb5 Rxb5 15.
b4 axb4 16. axb4 Bd7 17. bxc5 Rxc5 18. d4 Rc4 19. e3 Bf5 20. Rbc1 Na5 21. Rxc4
Nxc4 22. Qb4 d5 23. Nc3 Be6 24. Rb1 Bf5 25. Ra1 Be6 26. Ra7 Bf6 27. Na4 Qd6 28.
Nc5 Rb8 29. Rb7 Ra8 30. h3 Ra1+ 31. Kh2 Ra2 32. Qb5 Ra8 33. e4 dxe4 34. Nxe4
Qa6 35. Rb8+ Kg7 36. Nc5 Qxb5 37. Nxe6+ fxe6 38. Rxb5 Ra2 39. Rc5 Nd6 40. Kg1
Kf7 41. Ne5+ Kg7 42. f4 Nf5 43. d5 Nxg3 44. d6 exd6 45. Rc7+ Kg8 46. Rc8+ Kh7
47. Rc7+ Bg7 48. Ng4 Kg8 49. Rc8+ Bf8 50. Nxh6+ Kg7 51. Ng4 Ne2+ 52. Kf1 Be7
53. Rc7 Kf7 54. Nh6+ Kf8 55. Bf3 Kg7 0-1

[Event "XI GRAN TORNEO INTERNACIONAL AFICIONADOS"]
[Site "Benidorm (Alicante - SPAIN)"]
[Date "2012.11.30"]
[Round "1"]
[White "Moya Mallafre, Erik"]
[Black "Lopez Diaz, Rafael"]
[Result "1-0"]
[WhiteElo "1995"]
[BlackElo "1797"]
[PlyCount "89"]
[EventDate "2012.11.30"]
[EventRounds "10"]
[EventCountry "ESP"]

1. d4 Nf6 2. Nf3 c5 3. d5 Qa5+ 4. Bd2 Qc7 5. Nc3 a6 6. a4 b6 7. e4 e6 8. Bc4
Be7 9. Qe2 e5 10. O-O d6 11. Nh4 O-O 12. f4 exf4 13. Bxf4 Bg4 14. Qd3 Nh5 15.
Bg3 Bf6 16. Bf2 Be5 17. Nf3 Nf4 18. Qe3 Bxf3 19. Qxf3 Nd7 20. Bh4 Ng6 21. Bf2
Bd4 22. Qe2 Nf4 23. Qd2 Be5 24. Be3 Ng6 25. Qd3 Qc8 26. Kh1 Bf6 27. Qd2 Nde5
28. Be2 Be7 29. Rf5 Re8 30. Raf1 Bf6 31. Bg5 Bxg5 32. Qxg5 f6 33. Qg3 Re7 34.
h4 Nf7 35. h5 Nfe5 36. hxg6 hxg6 37. R5f4 c4 38. Rh4 Qc5 39. Bg4 Kf7 40. Be6+
Rxe6 41. dxe6+ Kxe6 42. Qh3+ Kf7 43. Nd5 Rg8 44. Rh7 Qc8 45. Rxf6+ 1-0

[Event "XI GRAN TORNEO INTERNACIONAL AFICIONADOS"]
[Site "Benidorm (Alicante - SPAIN)"]
[Date "2012.11.30"]
[Round "1"]
[White "Correia, Sandra Ventura"]
[Black "Perez Garcia, Jose Miguel"]
[Result "0-1"]
[WhiteElo "1797"]
[BlackElo "1993"]
[PlyCount "92"]
[EventDate "2012.11.30"]
[EventRounds "10"]
[EventCountry "ESP"]

1. e4 c5 2. Nc3 Nc6 3. Bb5 Nd4 4. Bc4 g6 5. Nf3 Nxf3+ 6. Qxf3 e6 7. O-O a6 8.
a4 d6 9. a5 Bg7 10. d3 Ne7 11. Bg5 O-O 12. Bf6 Bxf6 13. Qxf6 Nc6 14. Qxd8 Rxd8
15. f4 Nd4 16. Rf2 Bd7 17. Na4 Bxa4 18. Rxa4 d5 19. exd5 exd5 20. Ba2 Nc6 21.
f5 Rd7 22. fxg6 hxg6 23. c3 Re8 24. Kf1 Rde7 25. g3 Re1+ 26. Kg2 Rd8 27. Raf4
Ne5 28. Rd2 Ra1 29. Ra4 Kg7 30. b4 d4 31. c4 cxb4 32. Rxb4 Nxd3 33. Rxb7 Nc5
34. Rc7 Ne4 35. Rb2 d3 36. c5 Rxa2 37. Rxa2 d2 38. Ra1 d1=Q 39. Rxd1 Rxd1 40.
Kf3 Ng5+ 41. Ke2 Ra1 42. Ra7 Rxa5 43. c6 Ne6 44. c7 Rc5 45. c8=R Rxc8 46. Rxa6
Rc2+ 0-1

[Event "XI GRAN TORNEO INTERNACIONAL AFICIONADOS"]
[Site "Benidorm (Alicante - SPAIN)"]
[Date "2012.11.30"]
[Round "1"]
[White "Roca Cruz, Rafael"]
[Black "Gillespie, David Paul"]
[Result "1-0"]
[WhiteElo "1992"]
[BlackElo "1797"]
[PlyCount "91"]
[EventDate "2012.11.30"]
[EventRounds "10"]
[EventCountry "ESP"]

1. e4 c5 2. Nf3 d6 3. d4 cxd4 4. Nxd4 Nf6 5. Nc3 a6 6. Be2 e5 7. Nb3 Be6 8. Be3
Nbd7 9. a4 Be7 10. O-O O-O 11. a5 Rc8 12. f3 Qc7 13. Qd2 Rfd8 14. Rfd1 Nc5 15.
Nxc5 dxc5 16. Qe1 Rxd1 17. Bxd1 Rd8 18. Na4 Nh5 19. b4 Nf4 20. Nxc5 Bxc5 21.
Bxc5 Qd7 22. Be2 Qd2 23. Qxd2 Rxd2 24. Bf1 Rxc2 25. Rd1 h5 26. g3 Nh3+ 27. Bxh3
Bxh3 28. Rd8+ Kh7 29. Rb8 Be6 30. Rxb7 Bc4 31. Bd6 Kg6 32. Bxe5 Bb5 33. Rb6+ f6
34. Bd6 Rc1+ 35. Kf2 Rf1+ 36. Ke3 Rc1 37. Bc5 Rc3+ 38. Kf2 Rc2+ 39. Ke3 Rc3+
40. Kd2 Rxf3 41. Rxb5 axb5 42. a6 Ra3 43. a7 Kf7 44. Bb6 Ke6 45. Ba5 Ra2+ 46.
Kc3 1-0

[Event "XI GRAN TORNEO INTERNACIONAL AFICIONADOS"]
[Site "Benidorm (Alicante - SPAIN)"]
[Date "2012.11.30"]
[Round "1"]
[White "Aguado Crespo, Antonio"]
[Black "Ingunza Lopez, Txema"]
[Result "1-0"]
[WhiteElo "1796"]
[BlackElo "1992"]
[PlyCount "71"]
[EventDate "2012.11.30"]
[EventRounds "10"]
[EventCountry "ESP"]

1. e4 c5 2. Nf3 e6 3. Nc3 a6 4. a4 Nc6 5. Bc4 Qc7 6. d3 Nf6 7. Bg5 Be7 8. Qd2
O-O 9. O-O h6 10. Bh4 d6 11. h3 Bd7 12. Bxf6 Bxf6 13. Nh2 Ne5 14. Ba2 b5 15. f4
Ng6 16. Ng4 Bd4+ 17. Kh1 Ne7 18. Ne3 bxa4 19. f5 Bxe3 20. Qxe3 exf5 21. exf5
Nxf5 22. Qf4 Be6 23. Ne4 Rab8 24. g4 Ne7 25. g5 Ng6 26. Qg3 hxg5 27. Qxg5 d5
28. Rf6 dxe4 29. Rxg6 fxg6 30. Bxe6+ Rf7 31. Rf1 Rbf8 32. dxe4 Qd6 33. Qxg6 Qe7
34. Rg1 Kh8 35. Qh5+ Kg8 36. Qh6 1-0

[Event "XI GRAN TORNEO INTERNACIONAL AFICIONADOS"]
[Site "Benidorm (Alicante - SPAIN)"]
[Date "2012.11.30"]
[Round "1"]
[White "Ramirez Rus, Fernando"]
[Black "Fernandez Garcia, Ignacio"]
[Result "1-0"]
[WhiteElo "1992"]
[BlackElo "1794"]
[PlyCount "67"]
[EventDate "2012.11.30"]
[EventRounds "10"]
[EventCountry "ESP"]

1. e4 e6 2. d4 d5 3. e5 c5 4. c3 Nc6 5. Nf3 Qb6 6. Bd3 Bd7 7. O-O cxd4 8. Nxd4
Nxd4 9. cxd4 Qxd4 10. Nc3 a6 11. Re1 Qa7 12. a4 Bc5 13. Qe2 Ne7 14. Bg5 O-O 15.
Qf3 Ng6 16. Qg3 Qb6 17. Re2 Rfe8 18. Kh1 Be7 19. Bxg6 fxg6 20. a5 Qb4 21. Bxe7
Rxe7 22. Rd2 Bc6 23. Qe3 Rf7 24. Ne2 Rxf2 25. Qxf2 Qxd2 26. Rf1 h6 27. Qf7+ Kh7
28. Nf4 d4 29. Qxg6+ Kh8 30. Nxe6 Rg8 31. Nf8 Bxg2+ 32. Qxg2 Qb4 33. Ng6+ Kh7
34. Qe4 1-0

[Event "XI GRAN TORNEO INTERNACIONAL AFICIONADOS"]
[Site "Benidorm (Alicante - SPAIN)"]
[Date "2012.11.30"]
[Round "1"]
[White "Zubia Aramburu, Mikel"]
[Black "Picazo Gonzalez, Alejandro"]
[Result "1/2-1/2"]
[WhiteElo "1790"]
[BlackElo "1991"]
[PlyCount "65"]
[EventDate "2012.11.30"]
[EventRounds "10"]
[EventCountry "ESP"]

1. c4 e6 2. Nc3 d5 3. cxd5 exd5 4. d4 Be7 5. Nf3 Nf6 6. Bf4 O-O 7. e3 c5 8. Be2
Nc6 9. O-O Bf5 10. Bg5 c4 11. b3 Qa5 12. Na4 b5 13. Nc5 Qc7 14. bxc4 bxc4 15.
Nh4 Bg6 16. Nxg6 hxg6 17. Bf3 Rfd8 18. Qa4 Bxc5 19. Bxf6 gxf6 20. dxc5 Ne5 21.
Be2 Qxc5 22. Rfd1 d4 23. exd4 Rxd4 24. Rxd4 Qxd4 25. Rd1 Qe4 26. Bf1 f5 27. Rc1
Rc8 28. Qxa7 Ra8 29. Qe3 Rxa2 30. Qc3 f6 31. f3 Qd5 32. Bxc4 Nxc4 33. Qxc4
1/2-1/2

[Event "XI GRAN TORNEO INTERNACIONAL AFICIONADOS"]
[Site "Benidorm (Alicante - SPAIN)"]
[Date "2012.11.30"]
[Round "1"]
[White "Donazar Garayoa, Miguel"]
[Black "Johnsen, Kjell Magne"]
[Result "1/2-1/2"]
[WhiteElo "1788"]
[BlackElo "1989"]
[PlyCount "43"]
[EventDate "2012.11.30"]
[EventRounds "10"]
[EventCountry "ESP"]

1. e4 c5 2. Nf3 g6 3. c3 Bg7 4. d4 cxd4 5. cxd4 d5 6. e5 Bg4 7. Be2 Nc6 8. h3
Bxf3 9. Bxf3 e6 10. Nc3 Qb6 11. Ne2 Nge7 12. b3 Nf5 13. Bb2 O-O 14. g3 Rfc8 15.
O-O a5 16. g4 Nfe7 17. a3 Rc7 18. Qd3 Rac8 19. Rfd1 f6 20. exf6 Bxf6 21. Bg2
Nd8 22. Rac1 1/2-1/2

[Event "XI GRAN TORNEO INTERNACIONAL AFICIONADOS"]
[Site "Benidorm (Alicante - SPAIN)"]
[Date "2012.11.30"]
[Round "1"]
[White "Miranzo Guijarro, Alberto"]
[Black "Arroyo Rodriguez, Jesus"]
[Result "1/2-1/2"]
[WhiteElo "1783"]
[BlackElo "1985"]
[PlyCount "89"]
[EventDate "2012.11.30"]
[EventRounds "10"]
[EventCountry "ESP"]

1. d4 d5 2. c4 e6 3. Nc3 c6 4. cxd5 cxd5 5. Bf4 Bd6 6. Bxd6 Qxd6 7. e3 Nf6 8.
Bd3 O-O 9. Nge2 Nc6 10. O-O Bd7 11. Rc1 Rfc8 12. f3 g6 13. e4 Qb4 14. e5 Ne8
15. Bc2 Na5 16. Bb3 Rc7 17. Nb1 Rac8 18. Qd2 Qb6 19. Rxc7 Rxc7 20. Rc1 Nxb3 21.
axb3 Qxb3 22. Rxc7 Nxc7 23. Nbc3 Ne8 24. h4 Bb5 25. Ng3 h5 26. Nxb5 Qxb5 27.
Ne2 Ng7 28. g4 a5 29. Ng3 a4 30. gxh5 gxh5 31. Qg5 Qxb2 32. Nxh5 Qb1+ 33. Kh2
Qc2+ 34. Kh1 Qd1+ 35. Kh2 Qe2+ 36. Kg1 Qe1+ 37. Kg2 Qe2+ 38. Kg1 Qe1+ 39. Kg2
Qe2+ 40. Kg1 Qd1+ 41. Kg2 Qc2+ 42. Kg1 Qb1+ 43. Kh2 Qc2+ 44. Kh1 Qb1+ 45. Kh2
1/2-1/2

[Event "XI GRAN TORNEO INTERNACIONAL AFICIONADOS"]
[Site "Benidorm (Alicante - SPAIN)"]
[Date "2012.11.30"]
[Round "1"]
[White "Sumin, Vladyslav"]
[Black "RGoodfellow, Russell Robert"]
[Result "1-0"]
[WhiteElo "1983"]
[BlackElo "1782"]
[PlyCount "45"]
[EventDate "2012.11.30"]
[EventRounds "10"]
[EventCountry "ESP"]

1. d4 f5 2. c4 e6 3. Nc3 Nf6 4. Nf3 d6 5. g3 Be7 6. Bg2 O-O 7. O-O Qe8 8. b3 a5
9. Bb2 Na6 10. Re1 Ne4 11. Nd2 Nxd2 12. Qxd2 Qf7 13. f4 c5 14. d5 e5 15. fxe5
dxe5 16. d6 Bd8 17. Nb5 e4 18. Rf1 Qe6 19. g4 Bd7 20. gxf5 Rxf5 21. Rxf5 Qxf5
22. Rf1 Qg4 23. Qd5+ 1-0

[Event "XI GRAN TORNEO INTERNACIONAL AFICIONADOS"]
[Site "Benidorm (Alicante - SPAIN)"]
[Date "2012.11.30"]
[Round "1"]
[White "Munoz Minana, Francisco Javier"]
[Black "Tonus, Alex"]
[Result "0-1"]
[WhiteElo "1780"]
[BlackElo "1980"]
[PlyCount "73"]
[EventDate "2012.11.30"]
[EventRounds "10"]
[EventCountry "ESP"]

1. d4 Nf6 2. c4 g6 3. Nc3 Bg7 4. Nf3 O-O 5. g3 d6 6. Bg2 Nbd7 7. e4 e5 8. d5
Nc5 9. Qc2 a5 10. Be3 Na6 11. a3 Ng4 12. Bd2 f5 13. O-O Nc5 14. Rae1 fxe4 15.
Nxe4 Bf5 16. Nh4 Qd7 17. Nxf5 Qxf5 18. Be3 b6 19. Bxc5 bxc5 20. Qe2 Nh6 21. f4
exf4 22. Rxf4 Qe5 23. Rxf8+ Rxf8 24. Rd1 Qxb2 25. Nd2 Qxa3 26. Nf3 Qb3 27. Qe6+
Kh8 28. Qe2 Nf5 29. Re1 a4 30. g4 Nd4 31. Nxd4 cxd4 32. Be4 Qe3+ 33. Qxe3 dxe3
34. Re2 a3 35. Ra2 Bb2 36. Bd3 Rf2 37. Bf1 0-1

[Event "XI GRAN TORNEO INTERNACIONAL AFICIONADOS"]
[Site "Benidorm (Alicante - SPAIN)"]
[Date "2012.11.30"]
[Round "1"]
[White "Moya de la Flor, Daniel"]
[Black "Navascues Zabaleta, Jesus"]
[Result "1-0"]
[WhiteElo "1976"]
[BlackElo "1769"]
[PlyCount "55"]
[EventDate "2012.11.30"]
[EventRounds "10"]
[EventCountry "ESP"]

1. e4 c5 2. Nf3 Nc6 3. d4 cxd4 4. Nxd4 Nf6 5. Nc3 g6 6. Bc4 Bg7 7. Be3 O-O 8.
Bb3 a6 9. f3 b5 10. Qd2 Qc7 11. g4 Bb7 12. O-O-O Na5 13. Kb1 Rac8 14. h4 Nc4
15. Bxc4 Qxc4 16. h5 d6 17. Bh6 b4 18. Na4 e5 19. Bxg7 Kxg7 20. Nf5+ Kh8 21.
Nxd6 Qc6 22. Nxc8 Rxc8 23. b3 Rc7 24. hxg6 fxg6 25. Nb2 a5 26. Nc4 Rd7 27. Qe3
Rc7 28. Rd6 1-0

[Event "XI GRAN TORNEO INTERNACIONAL AFICIONADOS"]
[Site "Benidorm (Alicante - SPAIN)"]
[Date "2012.11.30"]
[Round "1"]
[White "Bas Mas, Miguel"]
[Black "Tejedor Garcia, Adolfo"]
[Result "1-0"]
[WhiteElo "1974"]
[BlackElo "1768"]
[PlyCount "45"]
[EventDate "2012.11.30"]
[EventRounds "10"]
[EventCountry "ESP"]

1. e4 c5 2. Nf3 d6 3. d4 cxd4 4. Nxd4 Nf6 5. Nc3 a6 6. Bg5 h6 7. Bxf6 gxf6 8.
Qd2 h5 9. Bc4 Nc6 10. Nxc6 bxc6 11. O-O Bh6 12. Qd3 Qa5 13. Bb3 h4 14. Qc4 O-O
15. Qxc6 Rb8 16. Qd5 Qb4 17. Qh5 Bg7 18. Qxh4 Qc5 19. Rad1 Be6 20. Nd5 Rb7 21.
Rd3 a5 22. Rg3 a4 23. Qh6 1-0

[Event "XI GRAN TORNEO INTERNACIONAL AFICIONADOS"]
[Site "Benidorm (Alicante - SPAIN)"]
[Date "2012.11.30"]
[Round "1"]
[White "Recio Reyes, Sergio"]
[Black "Busto Prendes, Abel"]
[Result "0-1"]
[WhiteElo "1765"]
[BlackElo "1973"]
[PlyCount "36"]
[EventDate "2012.11.30"]
[EventRounds "10"]
[EventCountry "ESP"]

1. e4 e6 2. d4 d5 3. exd5 exd5 4. Bd3 Bd6 5. Ne2 Ne7 6. O-O Nbc6 7. c3 Bg4 8.
Qc2 Qd7 9. Be3 O-O-O 10. b4 Nf5 11. Bc1 Nh4 12. Bg5 Nxg2 13. Bxd8 Kxd8 14. Nd2
Bxe2 15. Bf5 Qe7 16. Ne4 dxe4 17. Bxe4 Qh4 18. f4 Bxf1 0-1

[Event "XI GRAN TORNEO INTERNACIONAL AFICIONADOS"]
[Site "Benidorm (Alicante - SPAIN)"]
[Date "2012.11.30"]
[Round "1"]
[White "Haddad Filho, Paulo Ibrahim"]
[Black "Espana Reguero, Emilio"]
[Result "1-0"]
[WhiteElo "1972"]
[BlackElo "1762"]
[PlyCount "77"]
[EventDate "2012.11.30"]
[EventRounds "10"]
[EventCountry "ESP"]

1. d4 Nf6 2. Nf3 d5 3. Bg5 e6 4. Nbd2 Be7 5. e3 c5 6. c3 Nbd7 7. Bd3 O-O 8. Ne5
Nxe5 9. dxe5 Nd7 10. Bf4 b6 11. Qh5 f5 12. g4 Qe8 13. Qxe8 Rxe8 14. gxf5 exf5
15. Bxf5 Nf8 16. Bxc8 Raxc8 17. Bg3 Ng6 18. f4 Bh4 19. Nf3 Bxg3+ 20. hxg3 Rcd8
21. Rd1 Ne7 22. g4 Nc6 23. Rh2 g5 24. Nxg5 Nxe5 25. fxe5 Rxe5 26. Nf3 Rxe3+ 27.
Kf2 Re4 28. Kg3 d4 29. cxd4 cxd4 30. Rhd2 Rf8 31. Rxd4 Re3 32. Rf4 Rfe8 33. Rd7
R3e7 34. Rd5 h6 35. Rf6 Kg7 36. Rdd6 Rh8 37. Nh4 Re3+ 38. Kf4 Rf8 39. Nf5+ 1-0

[Event "XI GRAN TORNEO INTERNACIONAL AFICIONADOS"]
[Site "Benidorm (Alicante - SPAIN)"]
[Date "2012.11.30"]
[Round "1"]
[White "Picornell Morant, Juan Enrique"]
[Black "Raimundo Medina, Fermin"]
[Result "0-1"]
[WhiteElo "1970"]
[BlackElo "1756"]
[PlyCount "68"]
[EventDate "2012.11.30"]
[EventRounds "10"]
[EventCountry "ESP"]

1. e4 c6 2. d4 d5 3. Nc3 dxe4 4. Nxe4 Bf5 5. Ng3 Bg6 6. Bc4 e6 7. N1e2 Nf6 8.
O-O Be7 9. f4 Qc8 10. Bd3 Bxd3 11. Qxd3 g6 12. b3 Nbd7 13. Bb2 O-O 14. c4 Re8
15. Rad1 Qd8 16. Nc3 Nb6 17. a4 a5 18. Nce4 Nbd7 19. Bc3 Qc7 20. Nxf6+ Nxf6 21.
Ne4 Nxe4 22. Qxe4 Bf6 23. Rd3 Qb6 24. Ba1 Rad8 25. Rfd1 Re7 26. Kf1 Red7 27.
Ke2 Qa6 28. g3 b5 29. cxb5 cxb5 30. Bc3 bxa4 31. bxa4 Bxd4 32. Bxd4 Rxd4 33.
Qe3 Kf8 34. Qd2 Rxd3 0-1

[Event "XI GRAN TORNEO INTERNACIONAL AFICIONADOS"]
[Site "Benidorm (Alicante - SPAIN)"]
[Date "2012.11.30"]
[Round "1"]
[White "Amat Cerda, Andres"]
[Black "Jimenez Chacon, Francisco"]
[Result "0-1"]
[WhiteElo "1746"]
[BlackElo "1966"]
[PlyCount "22"]
[EventDate "2012.11.30"]
[EventRounds "10"]
[EventCountry "ESP"]

1. f4 e5 2. fxe5 d6 3. exd6 Bxd6 4. Nf3 Bg4 5. d4 Bxf3 6. exf3 Qh4+ 7. Ke2 Nc6
8. Be3 O-O-O 9. Qd3 Nh6 10. Qe4 Qf6 11. g3 Rhe8 0-1

[Event "XI GRAN TORNEO INTERNACIONAL AFICIONADOS"]
[Site "Benidorm (Alicante - SPAIN)"]
[Date "2012.11.30"]
[Round "1"]
[White "Hall, Rachid"]
[Black "Corral Aragon, Juan Maria"]
[Result "1-0"]
[WhiteElo "1964"]
[BlackElo "1745"]
[PlyCount "47"]
[EventDate "2012.11.30"]
[EventRounds "10"]
[EventCountry "ESP"]

1. Nf3 d5 2. b3 g6 3. Bb2 Nf6 4. e3 Bg7 5. c4 O-O 6. Be2 Re8 7. Na3 c5 8. cxd5
Nxd5 9. Bxg7 Kxg7 10. h4 e5 11. h5 e4 12. Nh2 Nc6 13. Rc1 b6 14. Bb5 Ndb4 15.
Rc3 Nd3+ 16. Rxd3 exd3 17. Bxc6 Ba6 18. Qf3 Rb8 19. h6+ Kf8 20. Bxe8 Kxe8 21.
Ng4 f5 22. Qc6+ Kf7 23. Ne5+ Kg8 24. Qe6+ 1-0

[Event "XI GRAN TORNEO INTERNACIONAL AFICIONADOS"]
[Site "Benidorm (Alicante - SPAIN)"]
[Date "2012.11.30"]
[Round "1"]
[White "Redondo Maguregui, Juan Manuel"]
[Black "Muniz Giron, Carlos"]
[Result "1/2-1/2"]
[WhiteElo "1743"]
[BlackElo "1963"]
[PlyCount "37"]
[EventDate "2012.11.30"]
[EventRounds "10"]
[EventCountry "ESP"]

1. c4 e5 2. Nc3 Nf6 3. Nf3 Bb4 4. Nxe5 Qe7 5. Nf3 O-O 6. e3 Nc6 7. a3 Bxc3 8.
bxc3 d6 9. d4 Bg4 10. Be2 Ne4 11. Qc2 Rae8 12. O-O Na5 13. Rb1 b6 14. Rb4 c5
15. Rb1 Bf5 16. Bd3 Qf6 17. Nd2 Qg6 18. Nb3 Nxc4 19. f3 1/2-1/2

[Event "XI GRAN TORNEO INTERNACIONAL AFICIONADOS"]
[Site "Benidorm (Alicante - SPAIN)"]
[Date "2012.11.30"]
[Round "1"]
[White "Blanco, Juan"]
[Black "Maseda Iglesias, Luis"]
[Result "1-0"]
[WhiteElo "1963"]
[BlackElo "1741"]
[PlyCount "45"]
[EventDate "2012.11.30"]
[EventRounds "10"]
[EventCountry "ESP"]

1. e4 c6 2. d4 d5 3. Nd2 dxe4 4. Nxe4 Nd7 5. Bc4 Ngf6 6. Ng5 e6 7. Qe2 Nb6 8.
Bb3 Be7 9. N1f3 O-O 10. O-O a5 11. a4 Nbd5 12. Ne5 Qc7 13. c4 Nb4 14. Bf4 Qb6
15. Rfd1 Na6 16. Bc2 Nb4 17. Bb1 Qa6 18. Nxh7 Nxh7 19. Bxh7+ Kxh7 20. Qh5+ Kg8
21. Ra3 g6 22. Nxg6 Bf6 23. Rh3 1-0

[Event "XI GRAN TORNEO INTERNACIONAL AFICIONADOS"]
[Site "Benidorm (Alicante - SPAIN)"]
[Date "2012.12.01"]
[Round "2"]
[White "Adeyemi, Adedeji"]
[Black "Garcia Martin, Juan Manuel"]
[Result "1-0"]
[WhiteElo "1997"]
[BlackElo "1874"]
[PlyCount "87"]
[EventDate "2012.11.30"]
[EventRounds "10"]
[EventCountry "ESP"]

1. Nf3 Nf6 2. c4 c6 3. Nc3 d5 4. d4 Bf5 5. e3 e6 6. Be2 Bb4 7. O-O Ne4 8. Qb3
Qe7 9. a3 Ba5 10. cxd5 Nxc3 11. bxc3 exd5 12. a4 Bd8 13. c4 Be4 14. Nd2 b6 15.
Ba3 Qd7 16. f3 Bg6 17. cxd5 Qxd5 18. Qxd5 cxd5 19. Bb5+ Nd7 20. Rfc1 Be7 21.
Rc7 Bf5 22. e4 Bxa3 23. exf5 O-O 24. Rxa3 Nf6 25. Rac3 a6 26. Bf1 h6 27. Rb7 b5
28. axb5 axb5 29. Bxb5 Ra2 30. Nf1 Ra1 31. Bd3 Ra4 32. Bc2 Ra1 33. Kf2 Rfa8 34.
Rb2 h5 35. h4 Kh7 36. Ne3 Rh1 37. Kg3 Rha1 38. Rc5 R1a5 39. Rbb5 Ra2 40. Bb3
Rd2 41. Bxd5 Re8 42. Nf1 Rxd4 43. Bxf7 Re1 44. Bg6+ 1-0

[Event "XI GRAN TORNEO INTERNACIONAL AFICIONADOS"]
[Site "Benidorm (Alicante - SPAIN)"]
[Date "2012.12.01"]
[Round "2"]
[White "Portillo Castellon, Javier"]
[Black "Moya Mallafre, Erik"]
[Result "1-0"]
[WhiteElo "1876"]
[BlackElo "1995"]
[PlyCount "64"]
[EventDate "2012.11.30"]
[EventRounds "10"]
[EventCountry "ESP"]

1. d4 d5 2. c4 e6 3. Nc3 c6 4. e3 Nf6 5. Nf3 Nbd7 6. Qc2 Bd6 7. b3 O-O 8. Be2
Re8 9. O-O e5 10. dxe5 Nxe5 11. cxd5 cxd5 12. Nb5 Nxf3+ 13. Bxf3 Be5 14. Bb2
Bg4 15. Bxe5 Bxf3 16. Bxf6 Qxf6 17. gxf3 Qxf3 18. Nd4 Qg4+ 19. Kh1 Re5 20. Rg1
Qd7 21. Qe2 f5 22. Qb5 Qf7 23. Nf3 Re7 24. Ng5 Qh5 25. Qxd5+ Kh8 26. Qxf5 Rae8
27. Rac1 Qh4 28. Nf7+ Kg8 29. Rxg7+ Kf8 30. Rcg1 Re6 31. Rg8+ Ke7 32. Rxe8+
Kxe8 1-0

[Event "XI GRAN TORNEO INTERNACIONAL AFICIONADOS"]
[Site "Benidorm (Alicante - SPAIN)"]
[Date "2012.12.01"]
[Round "2"]
[White "Perez Garcia, Jose Miguel"]
[Black "Blondel, Jerome"]
[Result "0-1"]
[WhiteElo "1993"]
[BlackElo "1872"]
[PlyCount "42"]
[EventDate "2012.11.30"]
[EventRounds "10"]
[EventCountry "ESP"]

1. d4 d5 2. Nf3 Nf6 3. c4 c6 4. Qb3 e6 5. Nc3 Nbd7 6. cxd5 exd5 7. e4 Nxe4 8.
Nxe4 Qe7 9. Nfg5 h6 10. Bd3 hxg5 11. Bxg5 Nf6 12. O-O-O dxe4 13. Bxe4 Qb4 14.
Bxc6+ bxc6 15. Rhe1+ Be6 16. Rxe6+ fxe6 17. Qxe6+ Be7 18. Bxf6 gxf6 19. Qxc6+
Kf7 20. Qd5+ Kg7 21. Rd3 Qe1+ 0-1